[Event "TUR Cup										"]
[Site "Antalya"]
[Date "2018.01.28"]
[Round "2"]
[White "Dalar, Yusuf"]
[Black "Dogan, Oguzhan"]
[Result "1-0"]
[WhiteElo "1587"]
[BlackElo "1009"]
[PlyCount "85"]
[EventDate "2018.01.27"]
[EventType "swiss"]
[EventRounds "11"]
[EventCountry "TUR"]
[SourceTitle "CBM 182 Extra"]
[Source "ChessBase"]
[SourceDate "2018.02.23"]
[SourceVersion "1"]
[SourceVersionDate "2018.02.23"]
[SourceQuality "1"]

1. d4 d5 2. Nf3 Nf6 3. c4 Be6 4. cxd5 Bxd5 5. Nc3 Nc6 6. Bg5 Bxf3 7. gxf3 Qxd4 8. e3 Qxd1+ 9. Rxd1 Nd7 10. Bh3 0-0-0 11. Ke2 h6 12. Bh4 g5 13. Bg3 h5 14. Nb5 e5 15. Nxa7+ Nxa7 16. Bxe5 Rh6 17. Bf5 Ra6 18. a3 Ra5 19. f4 gxf4 20. exf4 Be7 21. Rhg1 f6 22. Bxd7+ Rxd7 23. Rg8+ Rd8 24. Rdxd8+ Bxd8 25. Bxf6 Nc6 26. Bc3 Ra4 27. Ke3 b6 28. Rh8 h4 29. Bf6 Ra8 30. Bxh4 Kd7 31. Bxd8 Rxd8 32. Rxd8+ Nxd8 33. Ke4 Kc6 34. Ke5 Kd7 35. Kf6 Ke8 36. h4 Nf7 37. Kg7 Ke7 38. f5 c5 39. f6+ Ke6 40. f4 Nd6 41. Kg6 Nf7 42. f5+ Ke5 43. Kxf7 1-0